000 00311nam a22001337a 4500
008 170714b xxu||||| |||| 00| 0 eng d
020 _a2900195140919
041 _aeng
080 _a101
100 _a24
101 _aFIL
245 _aCLASSICS OF POLITICAL AND MORAL PHILOSOPHY
_cCAHN, S.M
942 _2udc
_cBK
999 _c20729
_d20729